000 00895nam a22002297a 4500
999 _c17296
_d17296
003 AR-CdUCM
008 190508b ||||| |||| 00| 0 spa d
040 _aMUNICIPALIDAD PROVINCIAL DEL CUSCO
_cBIBLIOTECA MUNICIPAL DEL CUSCO
082 _a375.4208 /
_bAR78 / 1958
245 _aArte milenario del Perú /
260 _aLima :
_bEdiciones del Ministerio de Educación Pública,
_c1958.
300 _a58 páginas ;
_bláminas,
_c18 cm.
440 _aBiblioteca del Estudiante Peruano.
_n2
_937218
505 _aContenido: Arte Prehispánico -- Machupicchu -- La cerámica Nazca -- Cerámicas Mochica y Chimu -- La escultura Chavín -- Los tejidos de Paracas ...
650 _aHistoria
_9136
650 _aPerú
_935
650 _aArte
_9561
650 _aCulturas
_918182
700 _aSalazar Bondy, Sebastian (láminas y textos)
_937219
942 _2ddc
_cLIBROS
945 _aachl
_d2019-05-08